| 000 | 00604nam a2200193Ia 4500 | ||
|---|---|---|---|
| 005 | 20250508153934.0 | ||
| 008 | 008 250505s9999 xx 000 0 eng d | ||
| 037 | _aBooks to be hide in OPAC | ||
| 040 |
_aFEDL _beng _cFEDL |
||
| 041 |
_aeng _2eng |
||
| 084 |
_a372.21, UNI/O _qFEDL |
||
| 100 |
_aTaylor James L _9473454 |
||
| 245 | 0 | _aFunctional schools for young children | |
| 260 |
_aWashington, USA _bU.S. Government Printing Office _c1961 |
||
| 300 | _aviii,81p. | ||
| 700 |
_a Gore Lillian L Gabbard Hazel F _9764724 |
||
| 942 |
_cHB _h372.21, UNI/O |
||
| 999 |
_c1346504 _d1346504 |
||